000 00922nam a22002537a 4500
003 0
005 20251027142125.0
008 251027b xxu||||| |||| 00| 0 eng d
020 _a978-1-78630-659-3
050 _aG 155.A1
_b.L68 2024
100 _aLouart, Pierre,
_eauthor.
245 _aTourist destinations according to stakeholder strategies :
_bfrom clusters to local tourist systems /
_cPierre Louart, Jerome Piriou, and Philippe Violier.
260 _aHoboken, NJ :
_bJohn Wiley & Sons, Inc.,
_c2024.
300 _axiv, 264 pages ;
_c24 cm.
440 _aTourism and Mobility Systems Set
_vvolume 7.
504 _aIncludes bibliographical references and index.
650 _aTourism
_xManagement.
650 _aTourism
_xPlanning.
650 _aTourist trade
_xManagement.
650 _aSustainable tourism.
700 _aPiriou, Jerome,
_eauthor.
700 _aViolier, Philippe,
_eauthor.
942 _2lcc
_cBK
999 _c368346
_d368346